Statistics for 1998 AFL Premiership Team

Click here to take the quiz!

General Stats

  • This quiz has been taken 19 times
  • The average score is 8 of 24

Answer Stats

HintAnswer% Correct
Premiership TeamAdelaide
89%
Half Forward FlankAndrew McLeod
78%
Forward PocketMark Ricciuto
67%
CoachMalcolm Blight
56%
Full BackBen Hart
50%
Back PocketMark Bickley
50%
RuckShaun Rehn
50%
Ruck RoverDarren Jarman
44%
Forward PocketTyson Edwards
44%
Half Back FlankNigel Smart
39%
CentreSimon Goodwin
33%
Back PocketKane Johnson
28%
Full ForwardDavid Pittman
22%
Centre Half ForwardMatthew Robran
22%
Half Back FlankShane Ellen
22%
InterchangeMatthew Connell
17%
InterchangeAndrew Eccles
11%
Half Forward FlankBrett James
11%
RoverKym Koster
11%
Centre Half BackPeter Caven
11%
InterchangeBen Marsh
6%
WingJames Thiessen
6%
WingPeter Vardy
6%
InterchangeMark Stevens
0%

Score Distribution

Percentile by Number Answered

Percent of People with Each Score

Your Score History

You have not taken this quiz